[Event "HUN-chT2 Asztalos 2324"]
[Site "Hungary"]
[Date "2024.05.12"]
[Round "9.3"]
[White "Molnar, Aurel Jr"]
[Black "Rein, Viktor"]
[Result "1-0"]
[WhiteElo "2071"]
[BlackElo "1962"]
[PlyCount "83"]
[EventDate "2023.10.08"]
[EventType "team-tourn"]
[EventRounds "9"]
[EventCountry "HUN"]
[SourceTitle "EXT 2025"]
[Source "ChessBase"]
[SourceDate "2024.10.14"]
[SourceVersion "1"]
[SourceVersionDate "2024.10.14"]
[SourceQuality "1"]
[WhiteTeam "Nagyatad"]
[BlackTeam "Karmin"]
[WhiteTeamCountry "HUN"]
[BlackTeamCountry "HUN"]

1. e4 c5 2. Nf3 d6 3. d4 cxd4 4. Nxd4 Nf6 5. f3 g6 6. c4 Bg7 7. Be3 0-0 8. Nc3 Nc6 9. Qd2 Bd7 10. Be2 Rc8 11. 0-0 Ne5 12. b3 a6 13. Rfd1 Re8 14. Rac1 Qc7 15. h3 Qb8 16. f4 Nc6 17. Bf3 Nxd4 18. Bxd4 Bc6 19. Nd5 e5 20. fxe5 dxe5 21. Be3 b5 22. c5 Qb7 23. Bg5 Nd7 24. Ne7+ Rxe7 25. Bxe7 Nf6 26. Bd6 Nxe4 27. Qe3 Re8 28. b4 f5 29. Rc2 Kh8 30. Rdc1 Kg8 31. Bxe4 fxe4 32. Rf1 Qd7 33. Rcf2 Bd5 34. Rd2 Qe6 35. Rfd1 Bc4 36. Qxe4 Bh6 37. Rf2 Bf4 38. a3 Qf6 39. Kh1 Qh4 40. Rf3 g5 41. c6 g4 42. Rxf4 1-0

[Event "HUN-chT2 Asztalos 2324"]
[Site "Hungary"]
[Date "2023.10.29"]
[Round "2.4"]
[White "Molnar, Aurel Jr"]
[Black "Czibulka, Zoltan"]
[Result "1-0"]
[WhiteElo "2071"]
[BlackElo "1899"]
[PlyCount "41"]
[EventDate "2023.10.08"]
[EventType "team-tourn"]
[EventRounds "9"]
[EventCountry "HUN"]
[SourceTitle "EXT 2025"]
[Source "ChessBase"]
[SourceDate "2024.10.14"]
[SourceVersion "1"]
[SourceVersionDate "2024.10.14"]
[SourceQuality "1"]
[WhiteTeam "Nagyatad"]
[BlackTeam "Kalocsai"]
[WhiteTeamCountry "HUN"]
[BlackTeamCountry "HUN"]

1. e4 e6 2. d4 d5 3. Nc3 Bb4 4. exd5 exd5 5. Bd3 Ne7 6. Qh5 h6 7. Nf3 Bd6 8. Nb5 c6 9. Nxd6+ Qxd6 10. Be3 g6 11. Qh4 Nf5 12. Bxf5 Bxf5 13. 0-0-0 Qe7 14. Bg5 Qb4 15. Rhe1+ Be6 16. Bf6 Rg8 17. Qxh6 Nd7 18. Bh4 Qd6 19. Re3 g5 20. Nxg5 Rg6 21. Qxg6 1-0

[Event "HUN-chT2 Asztalos 2223"]
[Site "Hungary"]
[Date "2022.11.20"]
[Round "1.6"]
[White "Molnar, Aurel Jr"]
[Black "Hovorka, Tamas"]
[Result "1-0"]
[WhiteElo "2014"]
[BlackElo "2077"]
[PlyCount "65"]
[EventDate "2022.11.20"]
[EventType "team-tourn"]
[EventRounds "10"]
[EventCountry "HUN"]
[SourceTitle "EXT 2025"]
[Source "ChessBase"]
[SourceDate "2024.10.14"]
[SourceVersion "1"]
[SourceVersionDate "2024.10.14"]
[SourceQuality "1"]
[WhiteTeam "Nagyatad"]
[BlackTeam "Szentlorinc"]
[WhiteTeamCountry "HUN"]
[BlackTeamCountry "HUN"]

1. e4 e6 2. d4 d5 3. Nc3 Bb4 4. exd5 exd5 5. Bd3 Nc6 6. Nge2 Nge7 7. 0-0 Be6 8. a3 Bxc3 9. bxc3 Qd7 10. Bf4 h6 11. h3 g5 12. Bh2 0-0-0 13. a4 Nf5 14. a5 Nh4 15. Bb5 Bxh3 16. Bxc6 Qxc6 17. gxh3 f5 18. Bg3 Ng6 19. f4 Rde8 20. Qd3 Re4 21. fxg5 Qe6 22. Nf4 Nxf4 23. Bxf4 hxg5 24. Be5 Rhh4 25. Rae1 f4 26. Kg2 g4 27. Rxe4 f3+ 28. Kg1 dxe4 29. Qxe4 Rxh3 30. d5 Qd7 31. Bf4 Qd8 32. Qe6+ Kb8 33. d6 1-0